Normal view
MARC view
Entry Personal Name
001 - CONTROL NUMBER
- control field: 16626
003 - CONTROL NUMBER IDENTIFIER
- control field: OSt
005 - DATE AND TIME OF LATEST TRANSACTION
- control field: 20240708124341.0
008 - FIXED-LENGTH DATA ELEMENTS
- fixed length control field: 240708|| aca||aabn | a|a d
040 ## - CATALOGING SOURCE
- Original cataloging agency: OSt
- Transcribing agency: OSt
100 ## - HEADING--PERSONAL NAME
- Personal name: Samrush, Basu
670 ## - SOURCE DATA FOUND
- Source citation: Work cat.: (OSt)40453: Samrush, Basu, Be Rang Aur Lavarish, 1969.


